| 000 | 00922cab a2200265 4500 | ||
|---|---|---|---|
| 001 | ABS55414 | ||
| 008 | 090401t1996 xxu||||| |||| 00| 0 eng d | ||
| 035 | _a(Sirsi) u16271 | ||
| 041 | _aeng | ||
| 100 | _aAkenhead, R. | ||
| 245 | _aTort is greater than contract | ||
| 260 | _c1996 | ||
| 350 | _a0 | ||
| 490 |
_aBuilding _v261(7946) 21 June 1996, 35(1) |
||
| 520 | _aReviews "Holt v Payne Skillington and Anor" which showed that contractors can still be held liable for breach of contract or negligence if they offer advice not covered by their contract which subsequently proves to be incorrect. | ||
| 650 | _aBREACH OF CONTRACT | ||
| 650 | _aHOLT V PAYNE SKILLINGTON AND ANOR | ||
| 650 | _aNEGLIGENCE | ||
| 650 | _aNEGLIGENT MISSTATEMENT | ||
| 650 | _aSURVEYORS | ||
| 650 | _aTORTIOUS LIABILITY | ||
| 690 | _aMANAGEMENT-BUSINESS MANAGEMENT-PROFESSIONAL PRACTICE | ||
| 942 | _n0 | ||
| 948 | _c04/03/1997 | ||
| 999 |
_c10694 _d10694 |
||